All Nuked Modern Day Countries - Statistics

General Stats
  • This quiz has been taken 102 times
  • The average score is 9 of 15
Answer Stats
Countries % Correct
Japan
97%
Russia
95%
United States
95%
China
83%
France
71%
India
66%
Pakistan
59%
North Korea
57%
Australia
56%
Kazakhstan
51%
Ukraine
48%
Marshall Islands
34%
Algeria
33%
Uzbekistan
31%
Kiribati
24%
No matching quizzes found
Score Distribution
Percent of People with Each Score
Percentile by Number Answered
Your Score History
You have not taken this quiz